000 00445nam a2200181Ia 4500
001 14742
005 20260306164936.0
008 260306t2017||||xx |||||||||||||| ||spa||
041 _aESP
082 _a518
_bG341
100 _aGhaboussi, Jamshid
_eAUT
245 0 _aNumerical methods in computational mechanics
260 _c2017
300 _axvii, 313 páginas :
_c26 cm.
650 _aGEN
654 _aCMA
942 _cLIB
_dJUS
_fJUS
_2ddc
_n
999 _c14742
_d14742